00317nam a2200121Ia 4500008004100000100001300041245004800054260003900102300001100141650002100152942000700173999001500180190216s9999||||xx |||||||||||||| ||und|| aDianezac 0aProgramming With Microsoft Visual Basic 5.0 bGalgotia Publication Pvt Ltfc1998 avb815p aComputer Science cBK c8632d8632